00796nam a2200205Ia 4500003000500000005001700005008004100022020003000063040001900093082001600112100002700128245008300155260010600238300004400344504006700388521001000455651001700465654004900482700005900531322820241120130052.0210816s9999 xx 000 0 und d a9781842 775837qPaperback aRDAbENGc3228 a320.96 NYAM a Nyamnjoh, Francis B.  0aAfrica's media, democracy, and the politics of belongingcFrancis B. Nyamnjoh. aLondon ; New York : Zed Books :bDistributed in the U.S.A. exclusively by Palgrave Macmillan, c2005. a308 pagesbcolour illustrations:c23 cm aIncludes bibliographical references (pages 274-298) and index. aAdult aSouth Africa 2Communication in politics Democracy Africa aMonotype Joana by Illuminati, Grosmont, Andrew Corbett